| 000 | 01042cam a22002054a 4500 | ||
|---|---|---|---|
| 005 | 20250605164236.0 | ||
| 008 | 250528s ||||||||||||||||||||||||d | ||
| 035 | _a21142 | ||
| 020 | _a9780471744856 | ||
| 040 |
_aGR-AtMCL _bgre _dGR-AtMCL _eAACR2 |
||
| 245 | 1 | _aFundamentals of Modern Manufacturing / Materials, Processes, and Systems Third Edition | |
| 250 | _a3rd | ||
| 260 |
_bJohn Wiley And Sons, Inc, _c2007 |
||
| 300 | _a1028 | ||
| 520 | _aThe emphasis is on manufacturing science and quantitative analysis of manufacturing processes. Material Properties and Product Attributes, Solidification Processes, Engineering Materials, Particulate Processing of Metals and Ceramics, Metal Forming and Sheet Metalworking, Material Removal Processes, Property Enhancing and Surface Processing Operations, Joining and Assembly Processes, Special Processing and Assembly Technologies, Manufacturing Systems, Manufacturing Support Systems, Index. | ||
| 700 | 1 |
_aGroover Mikell P _94667 |
|
| 942 | _cBK | ||
| 999 |
_c6210 _d6210 |
||